Density and value (Record no. 79814)

MARC details
000 -LEADER
fixed length control field 01362cab a22002295a 4500
001 - CONTROL NUMBER
control field L142431
008 - FIXED-LENGTH DATA ELEMENTS--GENERAL INFORMATION
fixed length control field 080214s2008 xxk f 000 0 eng d
035 ## - SYSTEM CONTROL NUMBER
System control number (Sirsi) u142431
041 0# - LANGUAGE CODE
Language code of text/sound track or separate title eng
100 1# - MAIN ENTRY--PERSONAL NAME
Personal name Alexander, Anthony
245 00 - TITLE STATEMENT
Title Density and value
Remainder of title how much development can a regeneration project support and still make good places? Answer: it all depends on the local context
260 ## - PUBLICATION, DISTRIBUTION, ETC.
Date of publication, distribution, etc. 2007
490 ## - SERIES STATEMENT
Series statement Journal of Urban Regeneration and Renewal
Volume/sequential designation 1(1), 83-95(12)
520 ## - SUMMARY, ETC.
Summary, etc. Appraises the extent to which a knowledge of local characteristics is important when planning for sustainable development of communities. Argues that measures relating to the planning of housing density must be complemented with an understanding of local context. PPS3 reflects the need to target residential density to local character. A failure to respect these aspects has led to local additions which have become dysfunctional within their communities. Issues such as movement patterns and flexibility of the urban form should be considered when developing community plans.
590 ## - LOCAL NOTE (RLIN)
Local note KA
650 24 - SUBJECT ADDED ENTRY--TOPICAL TERM
Topical term or geographic name entry element PLANNING POLICY STATEMENT 3
651 #4 - SUBJECT ADDED ENTRY--GEOGRAPHIC NAME
Geographic name United Kingdom
Chronological subdivision
690 ## - LOCAL SUBJECT ADDED ENTRY--TOPICAL TERM (OCLC, RLIN)
Topical term or geographic name as entry element ENVIRONMENTAL AND LAND CONSULTANCY-SUSTAINABILITY-SUSTAINABLE DEVELOPMENT
690 ## - LOCAL SUBJECT ADDED ENTRY--TOPICAL TERM (OCLC, RLIN)
Topical term or geographic name as entry element PROPERTY-PROPERTY MANAGEMENT-REGENERATION
700 1# - ADDED ENTRY--PERSONAL NAME
Personal name Morton, Andrew
942 ## - ADDED ENTRY ELEMENTS (KOHA)
Suppress in OPAC 0
Holdings
Withdrawn status Lost status Source of classification or shelving scheme Damaged status Not for loan Home library Current library Shelving location Date acquired Total Checkouts Full call number Barcode Date last seen Copy number Price effective from Koha item type
    Dewey Decimal Classification     London London Journal article 14/02/2008   L142431 142431-1001 06/08/2019 1 06/08/2019 Journal article